LEADER 01363nam a2200289 u 4500 001 000000092709 003 CaOOAMICUS 005 20070226124952.0 008 060725s2006 it u000 u ita u 035 $a11096295 040 $aPUL$bita 100 1 $aLeopardi, Giacomo,$cconte,$d1798-1837.$0(OLS)http://pul/name/10277 240 10$aOpere$9(Leopardi, Giacomo, conte, 1798-1837).$lita.$0(OLS)http://pul/title/119629 245 10$aOpere /$cGiacomo Leopardi, a cura di Sergio Solmi. 260 $a[Roma] :$bBiblioteca Treccani,$cc2006. 300 $axlviii, 684 p. ;$c22 cm 490 1 $aLetteratura e vita civile.$aI classici del pensiero italiano ;$v3 500 $aEdizione speciale per la Biblioteca Treccani e Il Sole 24 ORE S.p.A. 504 $aInclude bibliografia in note. 650 4$aPolitica e letteratura.$0(OLS)http://pul/subject/19338 700 1 $aSolmi, Sergio,$d1899-1981.$0(OLS)http://pul/name/10278 830 0$aLetteratura e vita civile.$pI classici del pensiero italiano ;$v3.$0(OLS)http://pul/title/119304 850 $aPUL 852 $aPUL$W1$xSL Cons. Gen., Altre Classi 3$y75$m854 COLL 1.3$j116561$nBK-PRI$b $qDDC 21$B116561$CPULBib$Z2$F116561 $HPUL100864 $81 941 1 $a9 996 $6245$aOpere$9(OLS)http://pul/title/9199 996 $6260$a[Roma] :$bBiblioteca Treccani$9(OLS)http://pul/publisher/79101 LEADER 01467nam a2200313 a 4500 001 000000160462 003 CaOOAMICUS 005 20170503095047.0 008 170503s2016 it u000 u ita r 020 $a978-88-14-21499-8* 032 $aLibriCat 040 $aPUL$bita 082 04$a340.09 100 1 $aMazzarella, Ferdinando.$0(OLS)http://pul/name/37164 245 13$aUn diritto per l'Europa industriale :$bcultura giuridica ed economia dalla Rivoluzione francese al secondo Dopoguerra /$cFerdinando Mazzarella. 260 $aMilano :$bA. Giuffrè,$c2016. 300 $aX, 345 p. ;$c23 cm. 490 1 $aPer la storia del pensiero giuridico moderno ;$v111 504 $aBibliografia in nota. 650 4$aDiritto commerciale$zEuropa.$0(OLS)http://pul/subject/29785 830 0$aPer la storia del pensiero giuridico moderno ;$v111.$0(OLS)http://pul/title/10657 850 $aPUL 852 $aPUL$W1$xSL Diritto e Scienze Sociali 3$y79$m340. 09 COLL 1.111$j184074$qDDC 21$B187283$CPULBib$Z2$F187283 $H129566 $81 941 1 $a9 996 $6020$a978-88-14-21499-8*$9(OLS)http://pul/number/162552 996 $6082$a340.09$9(OLS)http://pul/classification/1829 996 $6245$aUn diritto per l'Europa industriale :$bcultura giuridica ed economia dalla Rivoluzione francese al secondo Dopoguerra$9(OLS)http://pul/title/200107 996 $6260$aMilano :$bA. Giuffrè$9(OLS)http://pul/publisher/48096